| 000 | 00467cam a2200193 4500 | ||
|---|---|---|---|
| 001 | B994 | ||
| 008 | 090401t1949 xxu||||| |||| 00| 0 eng d | ||
| 035 | _a(Sirsi) u38984 | ||
| 041 | _aeng | ||
| 050 | _a692.5 | ||
| 100 | _aWillis, Arthur J | ||
| 245 | _aElements of quantity surveying | ||
| 250 | _a4th ed. | ||
| 260 |
_aLondon _bCrosby Lockwood and Son Ltd _c1949 |
||
| 300 | _axi, 287p. : ill. ; 25cm. | ||
| 350 | _a0.75 | ||
| 942 | _n0 | ||
| 948 | _c04/03/1997 | ||
| 999 |
_c90742 _d90742 |
||